Johnny Depp And Amber Heard Court Case - Statistics

General Stats
  • This quiz has been taken 136 times
    101 since last reset
  • The average score is 4 of 13
Answer Stats
Question Answer % Correct
Who won the case? Johnny Depp
98%
Second country where the case took place United States
46%
First country where the case took place United Kingdom
42%
How much did Johnny Depp won in money? $15,000,000
37%
How much did Amber Heard won in money? $2,000,000
36%
Movie where Heard and Depp met The Rum Diary
31%
Johnny Depp real name(contains middle name) John Christopher Depp II
30%
Amber Heard real name(contains middle name) Amber Laura Heard
27%
How much money did Johnny Depp win from the more expensive damage?(In this quiz) $10,000,000
16%
How much money did Johnny Depp win from the cheaper damage?(In this quiz) $5,000,000
14%
City Johnny Depp from Owensboro
14%
City Amber Heard from Austin
9%
Name one of the two damages that Johnny Depp won money from Compensatory damage | Punitive Damage
7%
No matching quizzes found
Score Distribution
Percent of People with Each Score
Percentile by Number Answered
Your Score History
You have not taken this quiz since the last reset